000 00433nam a22001337a 4500
082 _aMSEE-4
100 _aAsad Ali
_951452
245 _aSimultaneous escape routing in PCB
260 _aIslamabad
_bNUST-SEECS
_c2015
300 _a61
_b27cm.+
_eCD-ROM
500 _aSupervisors:Dr. Anjum Naveed, Dr. Ammar Hassan, Dr. Hassaan Khaliq, Dr. Murtaza Khan
856 _uhttp://10.250.8.41:8080/xmlui/handle/123456789/9394
942 _cPR
_2ddc
999 _c13155
_d13155